Debby Ryan Filmography - Statistics

General Stats
  • This quiz has been taken 49 times
    9 since last reset
  • The average score is 23 of 61
Answer Stats
Type Year Name % Correct
TV Show 2011-2015 Jessie
100%
TV Show 2008-2011 The Suite Life on Deck
75%
Web Series 2018-2019 Insatiable
63%
TV Film 2012 Radio Rebel
63%
TV Film 2011 The Suite Life Movie
63%
TV Film 2010 16 Wishes
50%
TV Show 2013 Good Luck Charlie
50%
TV Show 2011 R. L. Stine's The Haunting Hour: The Series
50%
Web Series 2024 American Horror Stories
38%
TV Show 2012 Austin & Ally
38%
TV Show 2006 Barney & Friends
38%
Film 2007 Barney: Let's Go to the Firehouse
38%
Film 2018 Cover Versions
38%
TV Show 2011 Disney's Friends for Change Games
38%
Film 2018 Every Day
38%
Film TBA Famous
38%
TV Show 2014 Fashion Police
38%
Film 2023 Fast X
38%
TV Show 2015 Girl Meets World
38%
TV Show 2015 Goldie & Bear
38%
Film 2018 Grace
38%
TV Show 2009 Hannah Montana
38%
Film 2020 Horse Girl
38%
TV Show 2008 Jonas Brothers: Living the Dream
38%
TV Film 2013 Kristin's Christmas Past
38%
Film 2018 Life of the Party
38%
TV Show 2014 Mighty Med
38%
Film 2014 Muppets Most Wanted
38%
Film 2021 Night Teeth
38%
Film 2025 Orion
38%
TV Show 2011 PrankStars
38%
TV Show 2011 Private Practice
38%
Film 2017 Rip Tide
38%
Film 2012 Secret of the Wings
38%
Film 2023 Shortcomings
38%
Web Series 2016 Sing It!
38%
TV Show 2012 So Random!
38%
Film 2022 Spin Me Round
38%
TV Show 2013 The Coppertop Flop Show
38%
TV Show 2012 The Glades
38%
Short Film 2011 The Hangover Hollywood
38%
Film 2008 The Longshots
38%
TV Show 2016 The Mysteries of Laura
38%
Film 2020 The Opening Act
38%
Web Series 2022 The Resort
38%
TV Show 2014 Ultimate Spider-Man
38%
Web Series 2023-2024 Velma
38%
Film 2010 What If...
38%
TV Show 2009 Wizards of Waverly Place
38%
TV Show 2012 Zeke and Luther
38%
TV Show 2016 Chopped Junior
25%
TV Show 2009 Dancing with the Stars
25%
TV Show 2008-2013 Disney 365
25%
Film 2023 Howdy, Neighbor!
25%
TV Special 2011 Make Your Mark: The Ultimate Dance Off - Shake It Up Edition
25%
TV Show 2014 Quiet on the Set
25%
TV Show 2014 Spoilers
25%
TV Show 2007 Yay Me! Starring London Tipton
25%
TV Show 2009 Leo Little's Big Show
13%
Film 2009 Wizards on Deck with Hannah Montana
13%
TV Special 2013 We Day
0%
No matching quizzes found
Score Distribution
Percent of People with Each Score
Percentile by Number Answered
Your Score History
You have not taken this quiz since the last reset